Songs on Bombs Away by Shotgun Willy - Statistics

General Stats
  • This quiz has been taken 4 times
  • The average score is 6 of 8
Answer Stats
Hint Answer % Correct
1 Bombs Away
100%
2 Married to the Bag
100%
8 Dalai Lama
75%
4 Good Morning Vietnam
75%
5 One Eyed Willy
75%
3 Winnebago
75%
6 See it to Believe it
50%
7 Guy Fieri
25%
No matching quizzes found
Score Distribution
Percent of People with Each Score
Percentile by Number Answered
Your Score History
You have not taken this quiz